Examen de los beneficios que reportará a España la construcción de un ferro-carril directo de Madrid a la frontera francesa por Baides, Castejón y Roncal. (Record no. 185253)

MARC details
000 -LEADER
campo de control de longitud fija 00659nam a2200157 i 4500
001 - NÚMERO DE CONTROL
campo de control 185253
003 - IDENTIFICADOR DE NÚMERO DE CONTROL
campo de control ES-MaACL
005 - FECHA Y HORA DE LA ÚLTIMA TRANSACCIÓN
campo de control 20230906222400.0
008 - DATOS DE LONGITUD FIJA--INFORMACIÓN GENERAL
campo de control de longitud fija 160426s1880 sp |||| | spa d
080 ## - NÚMERO DE LA CLASIFICACIÓN DECIMAL UNIVERSAL
Número de la Clasificación Decimal Universal 338.47(460):656.2
245 00 - MENCIÓN DEL TÍTULO
Título Examen de los beneficios que reportará a España la construcción de un ferro-carril directo de Madrid a la frontera francesa por Baides, Castejón y Roncal.
260 ## - PUBLICACIÓN, DISTRIBUCIÓN, ETC.
Lugar de publicación, distribución, etc. Madrid :
Nombre del editor, distribuidor, etc. [s.n.],
Fecha de publicación, distribución, etc. 1880 (
Fabricante Imp. de Gregorio Juste)
300 ## - DESCRIPCIÓN FÍSICA
Extensión 70 p., [1] h. pleg. ;
Dimensiones 22 cm.
650 #4 - PUNTO DE ACCESO ADICIONAL DE MATERIA--TÉRMINO DE MATERIA
Término de materia o nombre geográfico como elemento de entrada Transportes ferroviarios-
Subdivisión geográfica España.
9 (RLIN) 149654
852 4# - LOCALIZACIÓN
Ubicación ES-MaACL
Número de control de estantería T-433-F-11
Nota libre - Enc. en un vol. facticio, falto de cub. original
Holdings
Estatus retirado Estado de pérdida Estado de daño No para préstamo Colección Biblioteca de origen Biblioteca actual Ubicación en estantería Fecha de adquisición Fuente de adquisición Total de préstamos Signatura topográfica completa Código de barras Visto por última vez Precio de reemplazo Tipo de ítem Koha
        Colección de folletos Biblioteca del Ateneo de Madrid Biblioteca del Ateneo de Madrid Depósito folletos 27/04/2016     T-433-F-11 1195172 23/02/2023 23/02/2023 Folleto